Introduction to manual medicine / (Record no. 4834)
[ view plain ]
| 000 -LEADER | |
|---|---|
| fixed length control field | 00855pam a2200253 a 4500 |
| 001 - CONTROL NUMBER | |
| control field | 1979501 |
| 005 - DATE AND TIME OF LATEST TRANSACTION | |
| control field | 20250314191500.0 |
| 008 - FIXED-LENGTH DATA ELEMENTS--GENERAL INFORMATION | |
| fixed length control field | 890330s1989 gw a b 001 0 eng c |
| 020 ## - INTERNATIONAL STANDARD BOOK NUMBER | |
| International Standard Book Number | 0387506128 (U.S. : alk. paper) |
| 041 1# - LANGUAGE CODE | |
| Language code of text/sound track or separate title | engger |
| 050 00 - LIBRARY OF CONGRESS CALL NUMBER | |
| Classification number | RM724 |
| Item number | .N4813 1989 |
| 082 00 - DEWEY DECIMAL CLASSIFICATION NUMBER | |
| Classification number | 615.8/2 |
| Edition information | 20 |
| 100 1# - MAIN ENTRY--PERSONAL NAME | |
| Personal name | Neumann, Heinz-Dieter. |
| 245 10 - TITLE STATEMENT | |
| Title | Introduction to manual medicine / |
| Statement of responsibility, etc. | Heinz-Dieter Neumann ; translated and edited by Wolfgang G. Gilliar ; foreword by Philip E. Greenman. |
| 260 ## - PUBLICATION, DISTRIBUTION, ETC. | |
| Place of publication, distribution, etc. | Berlin ; |
| -- | New York : |
| Name of publisher, distributor, etc. | Springer-Verlag, |
| Date of publication, distribution, etc. | c1989. |
| 300 ## - PHYSICAL DESCRIPTION | |
| Extent | xi, 109 p. : |
| Other physical details | ill. ; |
| Dimensions | 25 cm. |
| 500 ## - GENERAL NOTE | |
| General note | Translation of: Manuelle Medizin. |
| 500 ## - GENERAL NOTE | |
| General note | Includes index. |
| 650 #0 - SUBJECT ADDED ENTRY--TOPICAL TERM | |
| Topical term or geographic name entry element | Manipulation (Therapeutics) |
| 650 #2 - SUBJECT ADDED ENTRY--TOPICAL TERM | |
| Topical term or geographic name entry element | Manipulation, Orthopedic. |
| 650 #2 - SUBJECT ADDED ENTRY--TOPICAL TERM | |
| Topical term or geographic name entry element | Physical Medicine. |
| 700 1# - ADDED ENTRY--PERSONAL NAME | |
| Personal name | Gilliar, Wolfgang G. |
| 942 ## - ADDED ENTRY ELEMENTS (KOHA) | |
| Source of classification or shelving scheme | Library of Congress Classification |
| Koha item type | Books |
| Suppress in OPAC | No |
| 999 ## - | |
| -- | 4834 |
| -- | 4834 |
| Withdrawn status | Lost status | Source of classification or shelving scheme | Damaged status | Not for loan | Collection | Home library | Current library | Shelving location | Date acquired | Total checkouts | Full call number | Barcode | Date last seen | Copy number | Price effective from | Koha item type |
|---|---|---|---|---|---|---|---|---|---|---|---|---|---|---|---|---|
| Library of Congress Classification | Non-fiction | Science Library (Miotso) | Science Library (Miotso) | General stacks | 03/14/2025 | RM724 .N4813 NEW | SLM00004243 | 03/14/2025 | 1 | 03/14/2025 | Books |